1725 1203 1474 1853 1098 1044 1934 1879 1177 1954 1936 1815 1699 1707 1449 1507 1220 1217 1841 1682 1123 1495 1550 1507 1995 1254 1170 1200 1696 1655 1990 1319 1872 1904 1606 1652 1312 1788 1520 1589 1755 1445 1913 1794 1552 1754 1611 1751 1610 1195 1241 1947 1993 1415 1027 1027 1848 1708 1118 1370 1950 1211 1197 1041 1618 1022 1083 1412 1702 1589 1832 1512 1088 1439 1721 1878 1933 1229 1051 1937 1508 1528 1929 1667 1767 1360 1872 1277 1092 1167 1526 1483 1133 1589 1983 1854 1485 1081 1322 BCNSPRNW ULIB Ver.6.0+V

เปลี่ยนเป็นภาษาไทย

Change to English
 แสดงรายละเอียดบรรณานุกรม
  กลับหน้าหลัก

Brief Record : Get Marc (ISO 2709) : E-mail record : QR code < ปิดหน้าต่าง
LEADER : 00000nam 2200000uu 4500
001    13399120890
003     ULIB
008    070809s2549 th 000 0 tha d
020    ^a9744096918
020    ^a9789744096913
050  4 ^aDS734^bช625 2549
245 00 ^aชุมนุมเรื่องปราชญ์ :^bผู้สามารถสร้างชาติให้เกรียงไกร /^cว.วัฒนา, แปลและเรียบเรียง
260    ^aกรุงเทพฯ :^bสุขภาพใจ,^c2549
300    ^a200 หน้า ;^c21 ซม.
650  4 ^aตำนาน^zจีน
650  4 ^aจีน^xชีวประวัติ
650  4 ^aจีน^xการเมืองและการปกครอง
700 0  ^aว.วัฒนา,^eผู้แปลและเรียบเรียง
945    ^p140^l0^i15381
995    ^aกัณชพร
999    ^aกัณชพร
รายการนี้ยังไม่มีแท็ก
คุณยังไม่ได้ล็อกอิน คุณสามารถมีกิจกรรมร่วมกับเว็บไซต์ได้ แต่ต้องล็อกอินก่อน ::
  ล็อกอิน

รายการสื่อสารสนเทศ

ลำดับที่ ประเภท เลขเรียก/บาร์โค้ด สถานที่ สถานะ
1. วิทยาศาสตร์การแพทย์ และสุขภาพ
วิทยาศาสตร์การแพทย์ และสุขภาพ
DS734 ช625 2549  
  Barcode: 15381
ห้องสมุดวิทยาเขตสวรรค์ประชารักษ์
►หนังสือทั่วไป
บนชั้น

BibComment


ยังไม่เคยถูกคอมเมนท์

คอมเมนท์ทรัพยากรรายการนี้
  คอมเมนท์: ชุมนุมเรื่องปราช..


 Copyright 2026. Bcnsprnw @Library